000 00705nam a2200229 4500
003 OSt
005 20240624004826.0
006 a
008 240624b |||||||| |||| 00| 0 eng d
020 _a0782143989
040 _aDWCL-Main lib.
_cOC
082 _2Express edition
_aCirc. 005.2 P497m 2006
100 _aPetroutsos, Evangelos
245 _aMastering microsoft visual basiv 2005 /
250 _aExpress edition
260 _aIndiana :
_bWiley Pub. , Inc. ,
_cc2006.
300 _axxii,
_b720 p. : ill. ;
_c23 cm.
504 _aIncludes index.
650 _a1. Microsoft Visual BASIC.
650 _a2. BASIC ( Computer program language).
942 _2ddc
_n0
_cBK-CIRC
_eExpress edition
_kCirc.
999 _c1161
_d1161